|
|
|
|
| LEADER |
00900nam a2200277 4500 |
| 001 |
DLU140164290 |
| 005 |
##20140922 |
| 040 |
# |
# |
|a DLU
|b vie
|
| 041 |
# |
# |
|a vie
|
| 044 |
# |
# |
|a vn
|
| 100 |
# |
# |
|a Phan Thị Thu Hiền,
|c PGS.TS.
|
| 245 |
# |
# |
|a Yếu tố nội và ngoại sinh trong sự hình thành, phát triển " Văn học mới " Korea từ những phối cảnh nghiên cứu /
|c Phan Thị Thu Hiền.
|
| 653 |
# |
# |
|a Korea
|
| 653 |
# |
# |
|a Thơ mới
|
| 653 |
# |
# |
|a Tiểu thuyết
|
| 653 |
# |
# |
|a Văn học phương tây
|
| 773 |
# |
# |
|t Tạp chí Nghiên cứu Đông Bắc Á
|g Số 6(136), 2012, tr.65-75
|
| 920 |
# |
# |
|a Phòng Tạp chí -- Trung tâm Thông tin - Thư viện Trường Đại học Đà Lạt
|
| 994 |
# |
# |
|a DLU
|
| 900 |
# |
# |
|a True
|
| 911 |
# |
# |
|a Trần Thị Minh Hương
|
| 925 |
# |
# |
|a G
|
| 926 |
# |
# |
|a A
|
| 927 |
# |
# |
|a BB
|
| 980 |
# |
# |
|a Thư viện Trường Đại học Đà Lạt
|